000
00173nam a22000977a 4500
003
SGT
082
_b
BAN
100
_a
BANSAL,R.K
245
_a
SPOKEN ENGLISH
942
_2
ddc
_c
CD
999
_c
24452
_d
24452